UBT Library

Arthritis and allied conditions: (Record no. 2188)

000 -LEADER
fixed length control field 00314nam a22001217a 4500
008 - FIXED-LENGTH DATA ELEMENTS--GENERAL INFORMATION
fixed length control field 160518b xxu||||| |||| 00| 0 eng d
020 ## - INTERNATIONAL STANDARD BOOK NUMBER
International Standard Book Number 9780781746717
020 ## - INTERNATIONAL STANDARD BOOK NUMBER
International Standard Book Number 078174671
041 ## - LANGUAGE CODE
Language code of text/sound track or separate title eng
080 ## - UNIVERSAL DECIMAL CLASSIFICATION NUMBER
Universal Decimal Classification number 61
245 ## - TITLE STATEMENT
Title Arthritis and allied conditions:
Statement of responsibility, etc William J. Koopman; Larry W. Moreland;
942 ## - ADDED ENTRY ELEMENTS (KOHA)
Source of classification or shelving scheme
Item type Books
Holdings
Withdrawn status Lost status Source of classification or shelving scheme Damaged status Not for loan Collection code Permanent location Current location Shelving location Date acquired Total Checkouts Full call number Barcode Date last seen Price effective from Koha item type
          Koleksioni i përgjithshem UBT - Lipjan UBT - Lipjan Koleksioni i përgjithshem 05/18/2016   61 KOOP 002-029548 05/18/2016 05/18/2016 Books
UBT Library © 2015-2024. All rights reserved University Education for Business and Technology